| 000 | 00520nam a22001817a 4500 | ||
|---|---|---|---|
| 999 |
_c62504 _d62504 |
||
| 005 | 20200118165745.0 | ||
| 010 | _aB-107584 | ||
| 020 |
_a0070528969 _c00.00 |
||
| 035 | _aB-107583 | ||
| 035 | _aB-107584 | ||
| 037 |
_aDPL _bENG |
||
| 100 | _aBird, Drew | ||
| 245 |
_aLinux+ certification study guide / _cby Drew Bird and Mike Harwood |
||
| 260 |
_aNew Delhi _bTata McGraw-Hill Publishing _c2002 |
||
| 300 |
_axliv, 684p. _c22 cms. |
||
| 700 |
_aHarwood, Mike _941520 |
||
| 942 |
_2ddc _cEN _h005.43 _mBIR |
||